Realism and the Balancing of Power : (Record no. 616478)

MARC details
000 -LEADER
fixed length control field 00480nam a2200181 a 4500
008 - FIXED-LENGTH DATA ELEMENTS--GENERAL INFORMATION
fixed length control field 260302s2003##################000#0#eng##
020 ## - INTERNATIONAL STANDARD BOOK NUMBER
ISBN 9780130908667
082 04 - DEWEY DECIMAL CLASSIFICATION NUMBER
Classification number 327.101
Item number VAS
100 1# - MAIN ENTRY--AUTHOR NAME
Personal name Vasquez, John A.,
245 10 - TITLE STATEMENT
Title Realism and the Balancing of Power :
260 ## - PUBLICATION, DISTRIBUTION, ETC. (IMPRINT)
Name of publisher Pearson,
Year of publication 2003.
650 #0 - SUBJECT ADDED ENTRY--TOPICAL TERM
Topical Term Balance of power.
942 ## - ADDED ENTRY ELEMENTS (KOHA)
Koha item type English Books

No items available.

Find us on the map